zpět

Detail výsledku týmu

Dno pytle - Vinohrady, Praha

Datum a čas kvízu

28 Celkem bodů Celkový počet nahraných bodů na tomto kvízu bez doplňovacích otázek.
7. Pořadí na kvízu Konečné umístění týmu na tomto kvízu.

Zaznamenané odpovědi

# Otázka Odpověď Body Výsledky
1. Společnost Lidl oznámila, že s... Na Příkopě 0
2. V uplynulém týdnu odstartovala... Donald Trump 1
3. V pátek večer ovládl udílení f... Cate Blanchettová 0
4. V pondělí představila společno... příchuť vesmíru 0
5. Bývalá česká atletka by se s n... Denisa Helceletová (Rosolová) 0
6. Začneme sarajevským atentátem... V 50 letech. (Uznáváme 48–52 let.) 0
7. Na Adolfa Hitlera bylo spáchán... Stauffenberg 1
8. Fanny Kaplanová byla ruskou po... B 0
9. Jak se jmenoval jediný novodob... Alois Rašín 1
10. Poslední bod tohoto tématu roz... Bénazír Bhuttová, Pákistán 0